All'improvviso /

Saved in:
Bibliographic Details
Other Authors: Lerman, Diego (Director), Saphir, Tatiana (Actor), Crespo, Carla (Actor), Solaas, Eloisa (Scenarist)
Format: Slide
Language:Spanish
Published: [Italia] : Dolmen Home Video, [2008]
Series:Queer
Tags: Add Tag
No Tags, Be the first to tag this record!

MARC

LEADER 00000ngm a22000007i 4500
001 IT\ICCU\UBO\3678211
003 ItRI
005 20260124182819.0
008 090824s2008 it |||||||||||||||k|||||c
028 4 2 |a PSV9462 
040 |b ita 
041 7 |a spa  |2 ISO-639-2 
130 0 |a Tan de repente <film ; 2002>  |3 IT\ICCU\UBO\3678222 
245 0 0 |a All'improvviso /  |c un film di Diego Lerman ; scritto da Eloisa Solaas. 
246 1 3 |a All'improvviso <risorsa elettronica>  |9 IT\ICCU\TSA\1271598 
260 |a [Italia] :  |b Dolmen Home Video,  |c [2008] 
300 |a 1 DVD (89 min.) :  |b b/n ;  |c in contenitore, 19 cm 
500 |a Codice area: 2; PAL; 16:9, 1.85:1; Dolby digital 2.0 
500 |a Produzione cinematografica: Argentina/Olanda, 2002 
500 |a Sottotitoli: italiano 
500 |a Titolo del contenitore 
500 |a Interpreti: Tatiana Saphir, Carla Crespo, Veronica Hassan 
500 |a Vietato ai minori di 14 anni. 
700 1 |a Lerman, Diego  |0 IT\ICCU\UBOV\354370  |4 drt 
700 1 |a Saphir, Tatiana  |0 IT\ICCU\UBOV\354371  |4 act 
700 1 |a Crespo, Carla  |0 IT\ICCU\UBOV\354372  |4 act 
700 1 |a Solaas, Eloisa  |0 IT\ICCU\UBOV\354373  |4 sce 
830 0 |a Queer  |0 IT\ICCU\UBO\2667501 
942 |2 ddc  |c VM  |n 0 
952 |0 0  |1 0  |4 0  |6 VO_1670_000000000000000  |7 0  |9 26779  |a BO  |b BO  |d 2026-01-24  |i 12958  |l 0  |o VO 1670  |p BO12958  |r 2026-01-24 18:28:19  |w 2026-01-24  |x [Sebina 5] [1 dvd]  |y VM  |z 1 dvd 
999 |c 22650  |d 22650